000 00432nam a2200169Ia 4500
003 GCL
008 140319s9999 xx 000 0 eng d
040 _aGCL /
_cGCL
082 0 4 _a939.4
_bK A
100 1 _aKUHRT, AMELIE
245 1 0 _aTHE ANCIENT NEAR EAST /
_cKUHRT, AMELIE
260 _a[S.N] :
_bROUTLEDGE ،
_c1995
300 _a782 P
650 0 4 _aMIDDLE EAST - HISTORY
650 0 4 _aMIDDLE EAST - TO 622
942 _2ddc
_cBK
999 _c13670
_d13670